Giáo trình chuyên đề đường lối cách mạng của Đảng Cộng sản Việt Nam

Giáo trình được biên soạn nhằm đáp ứng nhu cầu học tập, giảng dạy môn học Đường lối Cách mạng của Đảng Cộng sản Việt Nam cho giảng viên, sinh viên, đặc biệt là sinh viên chuyên ngành giáo dục công dân thuộc Khoa Khoa học Chính trị...

وصف كامل

محفوظ في:
التفاصيل البيبلوغرافية
المؤلف الرئيسي: Phan, Thị Phương Anh
التنسيق: كتاب
اللغة:Undetermined
منشور في: Cần Thơ Nxb. Đại học Cần Thơ 2017
الموضوعات:
الوسوم: إضافة وسم
لا توجد وسوم, كن أول من يضع وسما على هذه التسجيلة!
Thư viện lưu trữ: Trung tâm Học liệu Trường Đại học Cần Thơ
LEADER 01080nam a2200217Ia 4500
001 CTU_224774
008 210402s9999 xx 000 0 und d
082 |a 324.2597075 
082 |b A107 
100 |a Phan, Thị Phương Anh 
245 0 |a Giáo trình chuyên đề đường lối cách mạng của Đảng Cộng sản Việt Nam 
245 0 |c Phan Thị Phương Anh (Chủ biên) 
260 |a Cần Thơ 
260 |b Nxb. Đại học Cần Thơ 
260 |c 2017 
520 |a Giáo trình được biên soạn nhằm đáp ứng nhu cầu học tập, giảng dạy môn học Đường lối Cách mạng của Đảng Cộng sản Việt Nam cho giảng viên, sinh viên, đặc biệt là sinh viên chuyên ngành giáo dục công dân thuộc Khoa Khoa học Chính trị 
650 |a Communist parties,Đảng cộng sản 
650 |x History,Lịch sử 
650 |z Vietnam,Việt Nam 
904 |i Ngà,Hải 
980 |a Trung tâm Học liệu Trường Đại học Cần Thơ